Introduction a la theorie des series de Fourier et des series orthogonales generales : cours professé par G. Alexits à l'Universidad Nacional del Sur, Bahía Blanca /
Guardado en:
| Autor Principal: | |
|---|---|
| Autor Corporativo: | |
| Formato: | Libro |
| Idioma: | French |
| Publicado: |
Bahía Blanca :
Instituto de Matemática, Universidad Nacional del Sur,
1966.
|
| Series: | Notas de álgebra y análisis (Instituto de Matemática, Universidad Nacional del Sur) ;
1 |
| Materias: | |
| Acceso en línea: | Texto escaneado (PDF) |
| Etiquetas: |
Agregar Etiqueta
Sin Etiquetas, Sea el primero en etiquetar este registro!
|
| LEADER | 00990nam a22002055a 4500 | ||
|---|---|---|---|
| 001 | MAT.inmabb006411 | ||
| 008 | 101111s1966####ag#a##########000#0#fre#d | ||
| 005 | 20151030104145.0 | ||
| 245 | 1 | 3 | |a Introduction a la theorie des series de Fourier et des series orthogonales generales : |b cours professé par G. Alexits à l'Universidad Nacional del Sur, Bahía Blanca / |c George Alexits. |
| 260 | |a Bahía Blanca : |b Instituto de Matemática, Universidad Nacional del Sur, |c 1966. | ||
| 300 | |a 186 p. ; |c 27 cm. | ||
| 490 | 0 | |a Notas de álgebra y análisis, |x 0078-2009 ; |v 1 | |
| 100 | 1 | |a Alexits, George, |d 1899- | |
| 710 | 2 | |a Instituto de Matemática. INMABB. UNS. CONICET. | |
| 740 | 0 | |a Series trigonometriques | |
| 830 | 0 | |a Notas de álgebra y análisis (Instituto de Matemática, Universidad Nacional del Sur) ; |v 1 | |
| 650 | 0 | |a Fourier series. | |
| 650 | 0 | |a Series, Orthogonal. | |
| 856 | 4 | 1 | |u http://inmabb-conicet.gob.ar/publicaciones/naa/naa-1.pdf |y Texto escaneado (PDF) |
| 859 | |k H |p B-899 |b BIB. MATEMATICA | ||
